00496nam a2200133 a 450000100100000000500170001000800410002704000250006824500360009326000830012930000280021295201050024099900170034500003835320201002031233.0130409s1991 dr 000 0 spa d aDO-SdBNPbspacBNPHU00aReforma del sistema financiero. aSanto Domingo :bAsociación Nacional de Jóvenes Empresarios (ANJE),c1991. a172 p. :bil. ;c22 cm. 0010718PDaPDbPDcCTd2013-04-09iLF1l0o p38353-10r2020-06-25w2020-06-25yLFPDZNo se presta c37843d37843